Leadership: a critical text/
Tallennettuna:
| Päätekijä: | |
|---|---|
| Aineistotyyppi: | Kirja |
| Kieli: | englanti |
| Julkaistu: |
SAGE
2013
|
| Tagit: |
Lisää tagi
Ei tageja, Lisää ensimmäinen tagi!
|
MARC
| LEADER | 00000nam a22000007a 4500 | ||
|---|---|---|---|
| 008 | 210817b ||||| |||| 00| 0 eng d | ||
| 020 | |a ISBN: 978-1-44621-6990-9 | ||
| 100 | |a WESTERN, Simon. | ||
| 245 | |a Leadership: a critical text/ |c Simon Western |g . xii, 360p; ill. | ||
| 250 | |b 2nd ed.- |c Simon Western | ||
| 260 | |b SAGE |c 2013 |h Los Angeles |i 693383 – ADM |i 693384 |l HD57.7 .W52 |m 1. Leadership |m Title. | ||
| 500 | |a “It includes index and references” | ||
| 942 | |a lcc |c BK |e j o ifatola |f 17/ 08/ 2021 | ||
| 952 | |0 0 |1 0 |2 lcc |4 0 |6 HD00577 W52 |7 0 |9 3063 |a MPL |b HOL |c GJ |d 2021-08-17 |l 0 |o HD57.7 .W52 |p 2021-66762 |r 2021-08-17 00:00:00 |w 2021-08-17 |y BK | ||
| 952 | |0 0 |1 0 |2 lcc |4 0 |6 HD00577 W52 |7 0 |9 3064 |a MPL |b HOL |c GJ |d 2021-08-17 |l 0 |o HD57.7 .W52 |p 2021-66763 |r 2021-08-17 00:00:00 |w 2021-08-17 |y BK | ||
| 999 | |c 1552 |d 1552 | ||